000 00608nam a2200157Ia 4500
008 090124s9999 xx 000 0 und d
082 _b47488
245 _a खाली जमीन वर आकाश: समीक्षा आणि संवाद
250 _a1
260 _c2008
300 _a170+14
630 _a खाली जमीन वर आकाश: समीक्षा आणि संवाद
700 _aकांबले पद्माकर
730 _a खाली जमीन वर आकाश: समीक्षा आणि संवाद
942 _cBOOK
999 _c113797
_d113797